ARRUPE JESUIT UNIVERSITY

CORONAVIRUS -STOP THE SPREAD - CLEAN,DISINFECT,COVER

Christian perspectives for eductaion (Record no. 119722)

MARC details
000 -LEADER
fixed length control field 00432nam a22001457a 4500
005 - DATE AND TIME OF LATEST TRANSACTION
control field 20140128125957.0
008 - FIXED-LENGTH DATA ELEMENTS--GENERAL INFORMATION
fixed length control field 140128b xxu||||| |||| 00| 0 eng d
050 ## - LIBRARY OF CONGRESS CALL NUMBER
Classification number LC368.
Item number C554 1990
100 ## - MAIN ENTRY--PERSONAL NAME
Personal name Francis, Leslie
9 (RLIN) 7137
245 ## - TITLE STATEMENT
Title Christian perspectives for eductaion
Statement of responsibility, etc Francis, Leslie
260 ## - PUBLICATION, DISTRIBUTION, ETC. (IMPRINT)
Place of publication, distribution, etc Leominister
Name of publisher, distributor, etc Gracewing
Date of publication, distribution, etc 1990
300 ## - PHYSICAL DESCRIPTION
Extent xii, 394p.;
Dimensions 24cm.
700 ## - ADDED ENTRY--PERSONAL NAME
Personal name Francis, Leslie
9 (RLIN) 7138
942 ## - ADDED ENTRY ELEMENTS (KOHA)
Source of classification or shelving scheme Library of Congress Classification
Item type Monograph ( Printed materials)
Holdings
Withdrawn status Lost status Source of classification or shelving scheme Damaged status Not for loan Collection code Home library Current library Shelving location Date acquired Total Checkouts Full call number Barcode Date last seen Price effective from Koha item type
    Library of Congress Classification     Main Collection ARRUPE LIBRARY ARRUPE LIBRARY Main Collection 28/01/2014   LC368. C554 1990 464122366 28/06/2018 28/01/2014 Monograph ( Printed materials)

 

Arrupe Library. PO Box MP320 Mt Pleasant, Harare, Zimbabwe
263 242 745411|librarian@aju.ac.zw